| 000 | 00421nam a2200145 a 4500 | ||
|---|---|---|---|
| 005 | 20140513081050.0 | ||
| 008 | 020906s19uu xx 00 eng d | ||
| 050 |
_aP 581 _bLEA 2000 |
||
| 245 | _aLeaves (parts). | ||
| 260 |
_aGauteng, South Africa : _bThe Chart Studio (Pty) Ltd. |
||
| 300 | _aPoster | ||
| 520 | _aA leaf is a part of the plant that produces food. | ||
| 650 | _aLeaves, parts--Posters | ||
| 999 |
_c116257 _d116257 |
||